[Event "DVM U16 2007"]
[Site "Uelzen GER"]
[Date "2007.12.27"]
[Round "1"]
[White "Grzonka, Raphael"]
[Black "Meyer, Jens"]
[Result "1-0"]
[Termination "normal"]
[Board "10.1"]
[WhiteElo "1827"]
[BlackElo "1545"]
[WhiteTeam "Brackweder SK"]
[BlackTeam "SC Réti Heusweiler"]
[PlyCount "111"]
[WhiteFideId "4623304"]
[BlackFideId "4657993"]
[EventCountry "GER"]
[EventRounds "7"]
[EventType "team-swiss"]
[EventDate "2007.12.26"]

1. e4 d6 2. d4 Nf6 3. Nc3 g6 4. f4 Bg7 5. Nf3 O-O 6. Bd3 Nbd7 7. O-O c5 8. d5
a6 9. a4 b6 10. Qe1 e6 11. dxe6 fxe6 12. Bc4 Re8 13. Qh4 Nf8 14. Rd1 Nh5 15.
Qxd8 Rxd8 16. f5 gxf5 17. exf5 d5 18. fxe6 Bxe6 19. Nxd5 Bd4+ 20. Nxd4 cxd4 21.
Nxb6 Bxc4 22. Nxc4 Rac8 23. b3 Ne6 24. Bb2 Nef4 25. g3 Ne2+ 26. Kf2 Nc3 27.
Bxc3 Rf8+ 28. Kg2 dxc3 29. Rf1 Rfe8 30. Rf2 Rcd8 31. Raf1 Re7 32. Rf3 Rde8 33.
R1f2 Re6 34. Rxc3 Rg6 35. Rcf3 Rge6 36. Nd2 Re2 37. Rxe2 Rxe2+ 38. Rf2 Re6 39.
c4 Nf6 40. Kf3 Nd7 41. Re2 Rb6 42. Re3 Rh6 43. h4 Rf6+ 44. Ke2 Rb6 45. Ne4 Rc6
46. Kd2 Re6 47. Ng5 Rb6 48. Re8+ Nf8 49. Kc3 Rf6 50. Kd4 h6 51. Ne4 Rf3 52. b4
Ra3 53. a5 Rb3 54. Kc5 Rf3 55. b5 Rf5+ 56. Kb4 1-0

[Event "DVM U16 2007"]
[Site "Uelzen GER"]
[Date "2007.12.27"]
[Round "1"]
[White "Wilhelm, Robin"]
[Black "Stockhuß, Kevin"]
[Result "1-0"]
[Termination "normal"]
[Board "10.2"]
[WhiteElo "1415"]
[BlackElo "1803"]
[WhiteTeam "SC Réti Heusweiler"]
[BlackTeam "Brackweder SK"]
[PlyCount "69"]
[WhiteFideId "4659627"]
[EventCountry "GER"]
[EventRounds "7"]
[EventType "team-swiss"]
[EventDate "2007.12.26"]

1. e4 c5 2. Nf3 Nc6 3. d4 cxd4 4. Nxd4 Nf6 5. Nc3 e5 6. Nxc6 bxc6 7. Bd3 Be7 8.
O-O O-O 9. Be3 d5 10. Bd2 Be6 11. h3 Rb8 12. b3 Qc7 13. f4 Rfd8 14. Qe1 dxe4
15. Nxe4 Bd5 16. Nxf6+ Bxf6 17. Ba5 Qd6 18. Bxd8 Rxd8 19. fxe5 Bxe5 20. Rd1
Qc5+ 21. Kh1 Bc3 22. Qh4 Rd6 23. Qxh7+ Kf8 24. Qh8+ Ke7 25. Qh4+ Kd7 26. Bc4
Bxc4 27. Rxd6+ Kxd6 28. Qxc4 Qxc4 29. bxc4 f6 30. Rf3 Bd4 31. Ra3 g5 32. g3 Kc5
33. Rxa7 Kxc4 34. Ra4+ Kd5 35. Rxd4+ 1-0

[Event "DVM U16 2007"]
[Site "Uelzen GER"]
[Date "2007.12.27"]
[Round "1"]
[White "Olyschläger, Richard"]
[Black "Wilhelm, Kevin"]
[Result "1-0"]
[Termination "normal"]
[Board "10.3"]
[WhiteElo "1884"]
[BlackElo "1187"]
[WhiteTeam "Brackweder SK"]
[BlackTeam "SC Réti Heusweiler"]
[PlyCount "63"]
[WhiteFideId "24630209"]
[EventCountry "GER"]
[EventRounds "7"]
[EventType "team-swiss"]
[EventDate "2007.12.26"]

1. d4 d5 2. Nc3 Nf6 3. Bg5 Bf5 4. f3 e6 5. e4 h6 6. Bxf6 Qxf6 7. exf5 Qxf5 8.
Bd3 Qg5 9. Qd2 Qf6 10. Nge2 Bb4 11. a3 Ba5 12. Qe3 Nc6 13. Bb5 O-O 14. Bxc6
bxc6 15. O-O Bb6 16. Na4 Ba5 17. b4 Bb6 18. c3 Rfe8 19. f4 a6 20. Nb2 a5 21.
Nd3 Qf5 22. Kh1 f6 23. Qh3 Qe4 24. Rae1 Qg6 25. Ng1 axb4 26. axb4 Ra3 27. Ne2
Ra2 28. Rf3 Rea8 29. Qxe6+ Kh8 30. Rg3 Qh7 31. f5 h5 32. Nef4 1-0

[Event "DVM U16 2007"]
[Site "Uelzen GER"]
[Date "2007.12.27"]
[Round "1"]
[White "Meiser, Michael"]
[Black "Spisla, Dominik"]
[Result "0-1"]
[Termination "normal"]
[Board "10.4"]
[WhiteElo "1451"]
[BlackElo "1706"]
[WhiteTeam "SC Réti Heusweiler"]
[BlackTeam "Brackweder SK"]
[PlyCount "88"]
[WhiteFideId "24659762"]
[BlackFideId "24676306"]
[EventCountry "GER"]
[EventRounds "7"]
[EventType "team-swiss"]
[EventDate "2007.12.26"]

1. e4 c5 2. Nf3 d6 3. c3 Nf6 4. Qc2 Qc7 5. d4 cxd4 6. Nxd4 a6 7. Bg5 Nc6 8.
Bxf6 exf6 9. Nxc6 Qxc6 10. Nd2 Be6 11. Rd1 b5 12. g3 f5 13. Bg2 Rc8 14. O-O Qd7
15. Rfe1 Be7 16. Re2 fxe4 17. Nxe4 Qc7 18. Qd2 O-O 19. a3 h6 20. Qd4 d5 21. Nd2
Bc5 22. Qe5 Rfd8 23. b4 Bd6 24. Qe3 Qxc3 25. Nb1 Qxe3 26. Rxe3 d4 27. Red3 Be5
28. Bb7 Rb8 29. Bg2 Bf5 30. R3d2 Rdc8 31. Re2 Bf6 32. Nd2 Rc3 33. Ne4 Bxe4 34.
Bxe4 Rxa3 35. Rb1 g6 36. Kg2 Rc8 37. Rd2 Rcc3 38. Bd5 h5 39. Ra2 Rxa2 40. Bxa2
Be7 41. Bd5 d3 42. Bb7 Ra3 43. Bd5 d2 44. Bf3 Bxb4 0-1

[Event "DVM U16 2007"]
[Site "Uelzen GER"]
[Date "2007.12.27"]
[Round "2"]
[White "Kaphle, Stephan"]
[Black "Wortmann, Jonas"]
[Result "1-0"]
[Termination "normal"]
[Board "1.1"]
[WhiteElo "2147"]
[BlackElo "2043"]
[WhiteTeam "Post SV Uelzen"]
[BlackTeam "SF Limburgerhof"]
[PlyCount "71"]
[WhiteFideId "24629103"]
[BlackFideId "24628069"]
[EventCountry "GER"]
[EventRounds "7"]
[EventType "team-swiss"]
[EventDate "2007.12.26"]

1. e4 e6 2. d4 d5 3. e5 c5 4. c3 Nc6 5. Nf3 Qb6 6. a3 Nh6 7. b4 cxd4 8. cxd4
Nf5 9. Bb2 Bd7 10. g4 Nh6 11. h3 f6 12. Bd3 Nf7 13. Nbd2 Be7 14. Nb3 O-O-O 15.
Rc1 Kb8 16. Qd2 fxe5 17. dxe5 d4 18. Be4 Nfxe5 19. Nxe5 Nxe5 20. Bxd4 Qd6 21.
Qe3 Bc6 22. Bxe5 Qxe5 23. Bxc6 Qxe3+ 24. fxe3 bxc6 25. Nd4 Bh4+ 26. Ke2 Rd6 27.
Nxc6+ Kb7 28. Na5+ Ka6 29. Rhf1 Rhd8 30. Rc2 Bf6 31. Rfc1 Rd3 32. a4 Rc3 33.
Rxc3 Bxc3 34. Rxc3 Rd6 35. Rc6+ Rxc6 36. Nxc6 1-0

[Event "DVM U16 2007"]
[Site "Uelzen GER"]
[Date "2007.12.27"]
[Round "2"]
[White "Babayev, Husejn"]
[Black "Seemann, Semjon"]
[Result "1/2-1/2"]
[Termination "normal"]
[Board "1.2"]
[WhiteElo "1859"]
[BlackElo "2045"]
[WhiteTeam "SF Limburgerhof"]
[BlackTeam "Post SV Uelzen"]
[PlyCount "77"]
[WhiteFideId "4647599"]
[BlackFideId "24624080"]
[EventCountry "GER"]
[EventRounds "7"]
[EventType "team-swiss"]
[EventDate "2007.12.26"]

1. e4 c5 2. Nf3 Nc6 3. d4 cxd4 4. Nxd4 Nf6 5. Nc3 e5 6. Ndb5 d6 7. Bg5 a6 8.
Na3 b5 9. Bxf6 gxf6 10. Nd5 Bg7 11. c3 f5 12. exf5 Bxf5 13. Nc2 Be6 14. g3 O-O
15. Bg2 a5 16. O-O Rb8 17. Qd2 f5 18. Rad1 Qd7 19. f4 Kh8 20. a3 e4 21. Nce3 b4
22. axb4 axb4 23. c4 Qa7 24. Kh1 Nd4 25. h3 Qd7 26. Qf2 b3 27. g4 fxg4 28. Bxe4
g3 29. Qxg3 Nf5 30. Qf2 Qf7 31. Bg2 Qh5 32. Kh2 Nh4 33. Rd2 Bh6 34. Qe2 Qf7 35.
Ng4 Bg7 36. Be4 Bf5 37. Bxf5 Nxf5 38. Qd3 Qh5 39. Nde3 1/2-1/2

[Event "DVM U16 2007"]
[Site "Uelzen GER"]
[Date "2007.12.27"]
[Round "2"]
[White "Kaphle, Sebastian"]
[Black "Babayev, Ramil"]
[Result "1/2-1/2"]
[Termination "normal"]
[Board "1.3"]
[WhiteElo "2086"]
[BlackElo "1969"]
[WhiteTeam "Post SV Uelzen"]
[BlackTeam "SF Limburgerhof"]
[PlyCount "103"]
[WhiteFideId "24626708"]
[BlackFideId "24664243"]
[EventCountry "GER"]
[EventRounds "7"]
[EventType "team-swiss"]
[EventDate "2007.12.26"]

1. e4 c5 2. Nf3 e6 3. d4 cxd4 4. Nxd4 a6 5. Bd3 Qc7 6. O-O d6 7. Qe2 Nf6 8. Kh1
g6 9. Nc3 Bg7 10. Nb3 Nc6 11. f4 O-O 12. Bd2 b6 13. Rae1 Nd7 14. Nd1 Nc5 15.
Bc3 Nxb3 16. axb3 e5 17. Ne3 Ne7 18. Ra1 Bb7 19. fxe5 dxe5 20. Nc4 Nc6 21. Qf2
Nd4 22. Rad1 a5 23. Na3 Bc6 24. b4 Ne6 25. bxa5 bxa5 26. Nc4 f5 27. Qe1 fxe4
28. Rxf8+ Rxf8 29. Bxe4 Bxe4 30. Qxe4 Qf7 31. h3 Ng5 32. Qe2 Qf5 33. Kg1 e4 34.
Ne3 Qe6 35. Bxa5 Bh6 36. Ng4 Bg7 37. Bd2 Nf7 38. b3 Qc6 39. c4 Qb6+ 40. Kh1
Qxb3 41. Bf4 Rc8 42. Rc1 Qb7 43. c5 Qd5 44. Rc4 g5 45. Rxe4 Qxc5 46. Bd2 Rd8
47. Re8+ Rxe8 48. Qxe8+ Qf8 49. Qe6 Qd8 50. Bb4 Qd1+ 51. Kh2 Qd8 52. Kh1
1/2-1/2

[Event "DVM U16 2007"]
[Site "Uelzen GER"]
[Date "2007.12.27"]
[Round "2"]
[White "Grimm, Christian"]
[Black "Günnigmann, Manuel"]
[Result "1/2-1/2"]
[Termination "normal"]
[Board "1.4"]
[WhiteElo "1531"]
[BlackElo "1945"]
[WhiteTeam "SF Limburgerhof"]
[BlackTeam "Post SV Uelzen"]
[PlyCount "97"]
[WhiteFideId "24659592"]
[BlackFideId "24640360"]
[EventCountry "GER"]
[EventRounds "7"]
[EventType "team-swiss"]
[EventDate "2007.12.26"]

1. e4 c5 2. Nf3 Nc6 3. d4 cxd4 4. Nxd4 Nf6 5. Nc3 e5 6. Ndb5 d6 7. Be2 a6 8.
Na3 Be6 9. Bg5 Be7 10. O-O O-O 11. Qd2 b5 12. Bxf6 Bxf6 13. Nd5 Bg5 14. Qd3 g6
15. Rad1 f5 16. c4 fxe4 17. Qxe4 Bf5 18. Nf6+ Rxf6 19. Qxc6 b4 20. Nb1 Bc2 21.
Rde1 Qe8 22. Qd5+ Kh8 23. Bd3 Bxd3 24. Qxd3 Rc8 25. b3 Qf8 26. Nd2 Bxd2 27.
Qxd2 a5 28. Qd5 Rc5 29. Qe4 Rf4 30. Qe3 Qf6 31. Rd1 Qe6 32. Rfe1 Rf6 33. Rd2
Qe7 34. Red1 Kg7 35. Qxc5 dxc5 36. Rd7 Kf7 37. Rxe7+ Kxe7 38. Kf1 Rd6 39. Rxd6
Kxd6 40. Ke2 e4 41. f4 exf3+ 42. Kxf3 Ke5 43. Ke3 Kf5 44. h3 g5 45. g3 Ke5 46.
Kd3 Kf5 47. Ke3 g4 48. h4 Ke5 49. Kd3 1/2-1/2

[Event "DVM U16 2007"]
[Site "Uelzen GER"]
[Date "2007.12.27"]
[Round "2"]
[White "Tschlatscher, Thomas"]
[Black "Jorczik, Julian"]
[Result "0-1"]
[Termination "normal"]
[Board "2.1"]
[BlackTitle "FM"]
[WhiteElo "1986"]
[BlackElo "2362"]
[WhiteTeam "Heilbronner SV"]
[BlackTeam "SK München Südost"]
[PlyCount "70"]
[WhiteFideId "24635863"]
[BlackFideId "24611719"]
[EventCountry "GER"]
[EventRounds "7"]
[EventType "team-swiss"]
[EventDate "2007.12.26"]

1. d4 Nf6 2. Nc3 d5 3. e4 dxe4 4. f3 exf3 5. Nxf3 Bg4 6. Bc4 e6 7. Bf4 Bd6 8.
Bg5 O-O 9. O-O Be7 10. Bd3 Nc6 11. Qe1 Nb4 12. Qh4 Nxd3 13. Bxf6 Bxf6 14. Qxg4
Nxb2 15. Ne5 h5 16. Qe4 Nc4 17. Rad1 Nd6 18. Qe2 g6 19. g4 Bg7 20. Rd3 Qg5 21.
Rg3 h4 22. Rg2 c5 23. Ne4 Nxe4 24. Qxe4 cxd4 25. Nxf7 Qe3+ 26. Qxe3 dxe3 27.
Ng5 Bd4 28. Rxf8+ Rxf8 29. Re2 e5 30. Kg2 Bb6 31. Nf3 h3+ 32. Kg3 e4 33. Ng1
Rf2 34. Kxh3 Bc7 35. g5 Bxh2 0-1

[Event "DVM U16 2007"]
[Site "Uelzen GER"]
[Date "2007.12.27"]
[Round "2"]
[White "Raykhman, Alexander"]
[Black "Häusinger, Benjamin"]
[Result "1-0"]
[Termination "normal"]
[Board "2.2"]
[WhiteElo "2073"]
[BlackElo "1812"]
[WhiteTeam "SK München Südost"]
[BlackTeam "Heilbronner SV"]
[PlyCount "57"]
[WhiteFideId "24637033"]
[BlackFideId "24659576"]
[EventCountry "GER"]
[EventRounds "7"]
[EventType "team-swiss"]
[EventDate "2007.12.26"]

1. e4 c6 2. d4 d5 3. Nc3 dxe4 4. Nxe4 Bf5 5. Ng3 Bg6 6. h4 h6 7. Nf3 Nd7 8. h5
Bh7 9. Bd3 Bxd3 10. Qxd3 e6 11. Bd2 Ngf6 12. O-O-O Qc7 13. Qe2 Bd6 14. Nf5 Bf8
15. Ne5 Nxe5 16. dxe5 Nd5 17. Ng3 O-O-O 18. f4 c5 19. c4 Ne7 20. Be3 Nc6 21.
Rxd8+ Qxd8 22. Ne4 Be7 23. Qf2 Qd3 24. Nxc5 Qxc4+ 25. Kb1 Bxc5 26. Bxc5 Nb4 27.
Bxb4 Qxb4 28. Qxa7 Rf8 29. a3 1-0

[Event "DVM U16 2007"]
[Site "Uelzen GER"]
[Date "2007.12.27"]
[Round "2"]
[White "Pogan, Nikolas"]
[Black "Höfelsauer, Thomas"]
[Result "0-1"]
[Termination "normal"]
[Board "2.3"]
[WhiteElo "1992"]
[BlackElo "2019"]
[WhiteTeam "Heilbronner SV"]
[BlackTeam "SK München Südost"]
[PlyCount "110"]
[WhiteFideId "24673579"]
[BlackFideId "24668842"]
[EventCountry "GER"]
[EventRounds "7"]
[EventType "team-swiss"]
[EventDate "2007.12.26"]

1. e4 c6 2. d4 d5 3. exd5 cxd5 4. Bd3 Nc6 5. Nf3 Nf6 6. c3 Bg4 7. Bf4 e6 8.
Nbd2 Bd6 9. Bxd6 Qxd6 10. O-O O-O 11. Qe2 a6 12. Qe3 b5 13. Ne5 b4 14. Nxg4
Nxg4 15. Qh3 Nf6 16. f4 bxc3 17. bxc3 Ne7 18. Nf3 h6 19. Ne5 Ne4 20. g4 f6 21.
Nc4 Qc6 22. Rfe1 Ng6 23. Qe3 f5 24. Bxe4 fxe4 25. Ne5 Nxe5 26. dxe5 Rac8 27.
Rac1 Qc5 28. Qxc5 Rxc5 29. Rf1 Rfc8 30. f5 d4 31. Rce1 dxc3 32. Rxe4 c2 33. Rc1
Rd5 34. Kf2 Rd3 35. Re3 Rd4 36. h3 Rc5 37. Re2 Rf4+ 38. Kg3 Rfc4 39. f6 gxf6
40. exf6 Kf7 41. Rf2 e5 42. h4 Rc3+ 43. Kg2 e4 44. Kf1 e3 45. Rf3 Rd5 46. Ke1
Rd2 47. g5 hxg5 48. hxg5 Rg2 49. Rf5 Rd3 50. Rxc2 Rxc2 51. g6+ Kxg6 52. f7 e2
53. Rf6+ Kg5 54. Kf2 Rd1 55. Rf5+ Kg4 0-1

[Event "DVM U16 2007"]
[Site "Uelzen GER"]
[Date "2007.12.27"]
[Round "2"]
[White "Collmer, Dominik"]
[Black "Pogan, Sebastian"]
[Result "0-1"]
[Termination "normal"]
[Board "2.4"]
[WhiteElo "1714"]
[BlackElo "1869"]
[WhiteTeam "SK München Südost"]
[BlackTeam "Heilbronner SV"]
[PlyCount "68"]
[WhiteFideId "4620763"]
[BlackFideId "24673587"]
[EventCountry "GER"]
[EventRounds "7"]
[EventType "team-swiss"]
[EventDate "2007.12.26"]

1. e4 c5 2. Nf3 d6 3. d4 cxd4 4. Nxd4 Nf6 5. Nc3 g6 6. Be3 Bg7 7. Bc4 O-O 8.
O-O Nc6 9. Qd2 Ng4 10. Nb3 Nxe3 11. Qxe3 Ne5 12. Be2 Ng4 13. Qg3 Be5 14. f4
Qb6+ 15. Kh1 Bxc3 16. bxc3 Qe3 17. Bf3 Qxc3 18. f5 Ne5 19. Rac1 a5 20. h4 a4
21. Na1 Bd7 22. h5 Qe3 23. hxg6 hxg6 24. Rce1 Qh6+ 25. Qh3 Qxh3+ 26. gxh3 gxf5
27. exf5 Nxf3 28. Rxf3 Bc6 29. Kg2 e6 30. f6 Kh7 31. Ree3 Rg8+ 32. Kf2 Bxf3 33.
Rxf3 Rg6 34. h4 Rg4 0-1

[Event "DVM U16 2007"]
[Site "Uelzen GER"]
[Date "2007.12.27"]
[Round "2"]
[White "Seyb, Alexander"]
[Black "Grzonka, Raphael"]
[Result "1-0"]
[Termination "normal"]
[Board "3.1"]
[WhiteElo "2235"]
[BlackElo "1827"]
[WhiteTeam "FSV Großenseebach"]
[BlackTeam "Brackweder SK"]
[PlyCount "41"]
[WhiteFideId "4699033"]
[BlackFideId "4623304"]
[EventCountry "GER"]
[EventRounds "7"]
[EventType "team-swiss"]
[EventDate "2007.12.26"]

1. e4 c5 2. Nf3 d6 3. d4 cxd4 4. Nxd4 Nf6 5. Nc3 g6 6. Be3 Bg7 7. f3 Nc6 8. Qd2
O-O 9. Bc4 Bd7 10. O-O-O Rc8 11. Bb3 Ne5 12. Kb1 Nc4 13. Bxc4 Rxc4 14. g4 Qc7
15. h4 h5 16. Nd5 Nxd5 17. exd5 Rc8 18. gxh5 Rxc2 19. Nxc2 Bf5 20. Rh2 Be5 21.
f4 1-0

[Event "DVM U16 2007"]
[Site "Uelzen GER"]
[Date "2007.12.27"]
[Round "2"]
[White "Stockhuß, Kevin"]
[Black "Linsenmeyer, Mario"]
[Result "0-1"]
[Termination "normal"]
[Board "3.2"]
[WhiteElo "1803"]
[BlackElo "2097"]
[WhiteTeam "Brackweder SK"]
[BlackTeam "FSV Großenseebach"]
[PlyCount "104"]
[BlackFideId "24635138"]
[EventCountry "GER"]
[EventRounds "7"]
[EventType "team-swiss"]
[EventDate "2007.12.26"]

1. d4 Nf6 2. Nc3 e6 3. e4 d5 4. Bg5 dxe4 5. Nxe4 Be7 6. Bxf6 Bxf6 7. Nxf6+ Qxf6
8. Nf3 O-O 9. Bd3 Nc6 10. O-O e5 11. dxe5 Nxe5 12. Nxe5 Qxe5 13. c3 Be6 14. Qc2
h5 15. a4 Rad8 16. Rfe1 Qg5 17. Re3 h4 18. Rae1 Rd6 19. Re5 Qh6 20. Qe2 g6 21.
Qe3 Qxe3 22. R5xe3 Rfd8 23. Bb1 Kg7 24. b4 Rd2 25. f4 Bd5 26. Be4 Bxe4 27. Rxe4
Rc2 28. R1e2 Rxc3 29. Kf2 h3 30. g4 Rd1 31. R4e3 Rxe3 32. Rxe3 Rd4 33. Rb3
Rxf4+ 34. Kg3 Rc4 35. g5 f6 36. gxf6+ Kxf6 37. Kxh3 g5 38. Kg3 Kg6 39. h3 Kh5
40. a5 c5 41. bxc5 Rxc5 42. Rxb7 Rxa5 43. Rb8 Ra3+ 44. Kg2 a5 45. Rh8+ Kg6 46.
Rg8+ Kh6 47. Ra8 a4 48. Kf2 Ra1 49. Kg3 a3 50. Kg4 a2 51. Ra6+ Kg7 52. Kh5 g4
0-1

[Event "DVM U16 2007"]
[Site "Uelzen GER"]
[Date "2007.12.27"]
[Round "2"]
[White "Kirch, Florian"]
[Black "Olyschläger, Richard"]
[Result "1-0"]
[Termination "normal"]
[Board "3.3"]
[WhiteElo "1976"]
[BlackElo "1884"]
[WhiteTeam "FSV Großenseebach"]
[BlackTeam "Brackweder SK"]
[PlyCount "39"]
[WhiteFideId "24605794"]
[BlackFideId "24630209"]
[EventCountry "GER"]
[EventRounds "7"]
[EventType "team-swiss"]
[EventDate "2007.12.26"]

1. d4 f5 2. c4 e6 3. g3 Nf6 4. Bg2 d5 5. Nh3 c6 6. O-O Bd6 7. Bf4 Be7 8. e3 Na6
9. Nc3 O-O 10. Rb1 Bd7 11. Qb3 b6 12. Rbc1 Bc8 13. Be5 Bb7 14. f3 Nd7 15. Nf4
Nxe5 16. Nxe6 Qd6 17. cxd5 cxd5 18. Nxf8 Nc4 19. Nb5 Qd7 20. Nxd7 1-0

[Event "DVM U16 2007"]
[Site "Uelzen GER"]
[Date "2007.12.27"]
[Round "2"]
[White "Spisla, Dominik"]
[Black "Quaschner, Tobias"]
[Result "0-1"]
[Termination "normal"]
[Board "3.4"]
[WhiteElo "1706"]
[BlackElo "1956"]
[WhiteTeam "Brackweder SK"]
[BlackTeam "FSV Großenseebach"]
[PlyCount "76"]
[WhiteFideId "24676306"]
[BlackFideId "24646989"]
[EventCountry "GER"]
[EventRounds "7"]
[EventType "team-swiss"]
[EventDate "2007.12.26"]

1. d4 Nf6 2. Nc3 b6 3. e4 Bb7 4. Bd3 e6 5. Nf3 c5 6. Bg5 Be7 7. dxc5 bxc5 8. e5
Nd5 9. Bxe7 Nxc3 10. Bxd8 Nxd1 11. Rxd1 Kxd8 12. O-O Nc6 13. a3 Ke7 14. Rfe1 f6
15. c3 a5 16. Bb5 Rhc8 17. Rd2 Ba6 18. Bxa6 Rxa6 19. Re4 Nxe5 20. Nxe5 fxe5 21.
Rxe5 Rd6 22. Rxd6 Kxd6 23. Re2 Ke7 24. c4 a4 25. f4 Rb8 26. f5 Kf6 27. fxe6
dxe6 28. Kf2 Kf5 29. g3 g5 30. Ke1 e5 31. h4 gxh4 32. gxh4 Rd8 33. Rf2+ Ke6 34.
Rd2 Rxd2 35. Kxd2 e4 36. Kc3 Ke5 37. b3 axb3 38. Kxb3 Kd4 0-1

[Event "DVM U16 2007"]
[Site "Uelzen GER"]
[Date "2007.12.27"]
[Round "2"]
[White "Schätz, Christopher"]
[Black "Zelbel, Patrick"]
[Result "1/2-1/2"]
[Termination "normal"]
[Board "4.1"]
[WhiteElo "1982"]
[BlackElo "2227"]
[WhiteTeam "USG Chemnitz"]
[BlackTeam "SF Brackel"]
[PlyCount "52"]
[WhiteFideId "24623997"]
[BlackFideId "24624322"]
[EventCountry "GER"]
[EventRounds "7"]
[EventType "team-swiss"]
[EventDate "2007.12.26"]

1. e4 c5 2. Nf3 d6 3. d4 cxd4 4. Nxd4 Nf6 5. Nc3 a6 6. Be3 Ng4 7. Bg5 h6 8. Bh4
g5 9. Bg3 Bg7 10. Qd2 Nc6 11. Nb3 Nge5 12. f3 b5 13. Bf2 Rb8 14. Nd4 b4 15.
Nce2 Qc7 16. Ng3 Ng6 17. Be2 Nf4 18. O-O Nxd4 19. Bxd4 Bxd4+ 20. Qxd4 Qb6 21.
Rfd1 Be6 22. Bxa6 Kd7 23. Qxb6 Rxb6 24. Bd3 Rc8 25. Rd2 Nxd3 26. cxd3 Ra6
1/2-1/2

[Event "DVM U16 2007"]
[Site "Uelzen GER"]
[Date "2007.12.27"]
[Round "2"]
[White "Strathoff, Jens"]
[Black "Oltmanns, Ingmar"]
[Result "1-0"]
[Termination "normal"]
[Board "4.2"]
[WhiteElo "2031"]
[BlackElo "1929"]
[WhiteTeam "SF Brackel"]
[BlackTeam "USG Chemnitz"]
[PlyCount "151"]
[WhiteFideId "4699084"]
[BlackFideId "4613910"]
[EventCountry "GER"]
[EventRounds "7"]
[EventType "team-swiss"]
[EventDate "2007.12.26"]

1. e4 c6 2. d4 d5 3. f3 g6 4. Nc3 Bg7 5. Nge2 dxe4 6. fxe4 c5 7. d5 Bg4 8. h3
Bxe2 9. Bxe2 Nd7 10. O-O Ngf6 11. Be3 O-O 12. Qd2 a6 13. a4 b6 14. Bf4 Ne8 15.
Kh1 Ne5 16. Qe3 Qd6 17. g4 e6 18. Rad1 Nc7 19. Qg3 Rae8 20. Rd2 f5 21. dxe6
Qxe6 22. gxf5 gxf5 23. Rg1 Re7 24. exf5 Qxf5 25. Bxe5 Qxe5 26. Qxe5 Rxe5 27.
Bc4+ Kh8 28. Rdg2 Ne8 29. Bxa6 Re3 30. Rg3 Rff3 31. Rxf3 Rxf3 32. Kg2 Rf7 33.
Re1 Nc7 34. Bc4 Rd7 35. Re2 Bd4 36. Ne4 Nd5 37. Bxd5 Rxd5 38. c3 Be5 39. Rd2
Rxd2+ 40. Nxd2 Kg7 41. Nc4 Bc7 42. Kf3 Kf6 43. Ke4 Ke6 44. Ne3 Bd8 45. Kd3 Kd6
46. Kc4 Kc6 47. Ng4 Bc7 48. Nf6 h6 49. Ng8 h5 50. Ne7+ Kd6 51. Nd5 Bd8 52. Nf4
h4 53. Kb5 Ke5 54. Ng6+ Kd5 55. c4+ Ke4 56. b3 Kd4 57. b4 cxb4 58. Kxb4 Ke4 59.
Kb5 Kf5 60. Nxh4+ Bxh4 61. Kxb6 Ke5 62. a5 Bf2+ 63. Kc6 Kd4 64. Kb5 Ke5 65. h4
Kd6 66. h5 Be3 67. a6 Kc7 68. c5 Bf4 69. c6 Kb8 70. Kc5 Ka7 71. Kd5 Kxa6 72.
Ke6 Kb6 73. Kd7 Be5 74. h6 Bc7 75. h7 Be5 76. h8=Q 1-0

[Event "DVM U16 2007"]
[Site "Uelzen GER"]
[Date "2007.12.27"]
[Round "2"]
[White "Leschner, Marius"]
[Black "Kartsev, Alexandr"]
[Result "1/2-1/2"]
[Termination "normal"]
[Board "4.3"]
[WhiteElo "1756"]
[BlackElo "1989"]
[WhiteTeam "USG Chemnitz"]
[BlackTeam "SF Brackel"]
[PlyCount "101"]
[WhiteFideId "4613813"]
[BlackFideId "24647110"]
[EventCountry "GER"]
[EventRounds "7"]
[EventType "team-swiss"]
[EventDate "2007.12.26"]

1. e4 c5 2. f4 d6 3. Nf3 Nf6 4. Nc3 e6 5. g3 Be7 6. Bg2 O-O 7. O-O Nbd7 8. d3
a6 9. a4 Qc7 10. h3 Rb8 11. g4 b5 12. g5 Ne8 13. f5 b4 14. Ne2 Bb7 15. fxe6
fxe6 16. Nf4 Qb6 17. Nxe6 Rf7 18. Be3 d5 19. exd5 Bxd5 20. Nf4 Nc7 21. h4 Qd6
22. Nd2 Bxg2 23. Kxg2 Nd5 24. Nxd5 Qxd5+ 25. Ne4 Rxf1 26. Qxf1 Rf8 27. Qe2 c4
28. Rf1 Ne5 29. Rxf8+ Bxf8 30. Bf4 cxd3 31. cxd3 Qxd3 32. Ng3 Qd5+ 33. Kf1 Ng6
34. Bd2 Nxh4 35. Ne4 Qf5+ 36. Nf2 Nf3 37. Bxb4 Nh2+ 38. Kg2 Qxg5+ 39. Kxh2 Qf4+
40. Kg2 Qxb4 41. Qxa6 Qxb2 42. Qe6+ Kh8 43. a5 Qb7+ 44. Qe4 Qa6 45. Qf5 Qa8+
46. Qf3 Qxf3+ 47. Kxf3 Bc5 48. Nd3 Ba7 49. Ke4 h5 50. Nf4 h4 51. Ng6+ 1/2-1/2

[Event "DVM U16 2007"]
[Site "Uelzen GER"]
[Date "2007.12.27"]
[Round "2"]
[White "Haidar, Marcel"]
[Black "Allert, Maximilian"]
[Result "1-0"]
[Termination "normal"]
[Board "4.4"]
[WhiteElo "1599"]
[BlackElo "1742"]
[WhiteTeam "SF Brackel"]
[BlackTeam "USG Chemnitz"]
[PlyCount "83"]
[EventCountry "GER"]
[EventRounds "7"]
[EventType "team-swiss"]
[EventDate "2007.12.26"]

1. c4 Nf6 2. d4 g6 3. Nc3 Bg7 4. e4 d6 5. Nf3 O-O 6. Be2 Nbd7 7. O-O e5 8. dxe5
dxe5 9. Qc2 b6 10. Rd1 Qe7 11. Nd5 Nxd5 12. cxd5 Nc5 13. b4 Nb7 14. a4 f5 15.
Nd2 fxe4 16. Nxe4 Bf5 17. f3 Nd6 18. b5 Rac8 19. Bd3 Bxe4 20. Bxe4 Nxe4 21.
Qxe4 Rfd8 22. Ba3 Qg5 23. Rac1 Bf8 24. Qd3 Bd6 25. Rc6 Qe7 26. Bxd6 Rxd6 27.
Qc4 Qd7 28. Re1 Qf5 29. Rxc7 Rxc7 30. Qxc7 Rxd5 31. Qb8+ Qf8 32. Qxa7 Qc5+ 33.
Kh1 Qf2 34. Rg1 Qd4 35. h3 Rd7 36. Qa8+ Rd8 37. Qc6 Qd6 38. Rc1 Qd4 39. Qe6+
Kg7 40. Rc7+ Kh6 41. Qe7 e4 42. Qh4# 1-0

[Event "DVM U16 2007"]
[Site "Uelzen GER"]
[Date "2007.12.27"]
[Round "2"]
[White "Zhou, Syang"]
[Black "Dalakian, Haroutioun"]
[Result "1-0"]
[Termination "normal"]
[Board "5.1"]
[WhiteElo "1940"]
[BlackElo "2031"]
[WhiteTeam "SF Deizisau"]
[BlackTeam "Hamburger SK"]
[PlyCount "69"]
[WhiteFideId "24636126"]
[BlackFideId "24632058"]
[EventCountry "GER"]
[EventRounds "7"]
[EventType "team-swiss"]
[EventDate "2007.12.26"]

1. e4 e5 2. Nf3 Nc6 3. Bb5 a6 4. Ba4 Nf6 5. O-O b5 6. Bb3 Bc5 7. Re1 d6 8. c3
O-O 9. h3 Bb6 10. d4 h6 11. d5 Ne7 12. a4 Rb8 13. Nbd2 Ng6 14. Nf1 Nh7 15. Bc2
Nh4 16. Qe2 f5 17. Nxh4 Qxh4 18. exf5 Bxf5 19. Be3 Bxc2 20. Qxc2 Nf6 21. Bxb6
Rxb6 22. axb5 axb5 23. Ne3 Qg5 24. Ra7 Ne8 25. Rea1 b4 26. Ra8 b3 27. Qd3 Qf4
28. Qe2 Qf7 29. R1a7 Qg6 30. Rc8 h5 31. Raa8 Rb7 32. Kh2 e4 33. Qc4 h4 34. Qc6
Qf7 35. Rxe8 1-0